00330nam a22001217a 4500020001700000041000800017082001700025100001700042245006500059260002300124300000800147650005300155 a978818465827 aENG a283.092bCHE aChelliah A.R aBishop Vedanayagam Samuel Azariah : a life in indigenisation aDelhibISPCKc2016 a147 aMissionsaAzariah, Vedanayagam Samuel, 1874-1945